1847 1546 1452 1274 1626 1984 1538 1988 1366 1893 1667 1144 1328 1980 1257 1132 1885 1736 1387 1619 1580 1320 1013 1762 1931 1624 1907 1686 1828 1076 1977 1188 1889 1198 1934 1289 1421 1633 1918 1814 1049 1445 1205 1190 1796 1117 1476 1633 1230 1641 1650 1679 1539 1505 1707 1304 1755 1713 1880 1993 1170 1447 1416 1011 1912 1811 1581 1632 1802 1576 1454 1265 1630 1168 1882 1185 1271 1699 1712 1333 1362 1184 1634 1063 1953 1944 1521 1615 1187 1661 1946 1121 1478 1904 1530 1814 1380 1836 1814 BCNSPRNW ULIB Ver.6.0+V

เปลี่ยนเป็นภาษาไทย

Change to English
 แสดงรายละเอียดบรรณานุกรม
  กลับหน้าหลัก

Brief Record : Get Marc (ISO 2709) : E-mail record : QR code < ปิดหน้าต่าง
LEADER : 00000nam 2200000uu 4500
001    13399111195
003     ULIB
008    110620s2002||||th 000 0 eng d
020    0130939501
024    9780130939500
060 04 WY193^bP982n 2002
100 1  Pulliam, JoLynn
245 04 The nursing assistant :^bacute, sub-acute and long-termcare /^cJoLynn Pulliam
250    3th ed.
260    Upper Saddle River, N.J. : ^bPearson/Prentice Hall,^c2002
300    xxv, 390 p. :^bill., ports. ;^c30 cm. +^e1 computeroptical disc.
504    Includes index
650  2 Acute Disease^xnursing
650  2 Long-Term Care^xtherapy
650  2 Subacute Care^xmethods
650  2 Nurses Aides
945    ^p1095^l0^i015782
995    Kesorn
999 ^a ใช้งานได้ทุกระบบ
รายการนี้ยังไม่มีแท็ก
คุณยังไม่ได้ล็อกอิน คุณสามารถมีกิจกรรมร่วมกับเว็บไซต์ได้ แต่ต้องล็อกอินก่อน ::
  ล็อกอิน

รายการสื่อสารสนเทศ

ลำดับที่ ประเภท เลขเรียก/บาร์โค้ด สถานที่ สถานะ
- ไม่พบข้อมูล -

รายการใกล้เคียง
    หัวเรื่อง [Nurses Aides]

BibComment


ยังไม่เคยถูกคอมเมนท์

คอมเมนท์ทรัพยากรรายการนี้
  คอมเมนท์: The nursing assis..


 Copyright 2026. Bcnsprnw @Library